00293nam a2200121Ia 4500008004100000100001800041245002500059260003200084300000900116650002200125942000700147999001700154190216s9999||||xx |||||||||||||| ||und|| aThoppil Bhasi 0aVisakkunna Karinkali bPoorna Pubs Kozhikodec1992 a170p aMalayalam Nadakam cBK c27497d27497